Power electronics / (Record no. 10812)

MARC details
000 -LEADER
fixed length control field 00717pam a2200217 a 4500
001 - CONTROL NUMBER
control field 4397894
005 - DATE AND TIME OF LATEST TRANSACTION
control field 20201124142820.0
008 - FIXED-LENGTH DATA ELEMENTS--GENERAL INFORMATION
fixed length control field 921203s1993 enka b 001 0 eng
010 ## - LIBRARY OF CONGRESS CONTROL NUMBER
LC control number 92044563
020 ## - INTERNATIONAL STANDARD BOOK NUMBER
International Standard Book Number 8185749531
040 ## - CATALOGING SOURCE
Original cataloging agency DLC
Transcribing agency DLC
Modifying agency DLC
050 00 - LIBRARY OF CONGRESS CALL NUMBER
Classification number TK7881.15
Item number .L36 1993
082 00 - DEWEY DECIMAL CLASSIFICATION NUMBER
Classification number 621.317
Edition number 20
Item number GUP
245 10 - TITLE STATEMENT
Title Power electronics /
Statement of responsibility, etc By B. R. Gupta & Vandana Singhal
250 ## - EDITION STATEMENT
Edition statement 5th ed.
260 ## - PUBLICATION, DISTRIBUTION, ETC. (IMPRINT)
Place of publication, distribution, etc New Delhi:
Name of publisher, distributor, etc S. K. Kataria & Sons,
Date of publication, distribution, etc 2006
300 ## - PHYSICAL DESCRIPTION
Extent 593 p. :
Other physical details ill. ;
Dimensions 23 cm.
650 #0 - SUBJECT ADDED ENTRY--TOPICAL TERM
Topical term or geographic name as entry element Power electronics.
942 ## - ADDED ENTRY ELEMENTS (KOHA)
Source of classification or shelving scheme Dewey Decimal Classification
Item type Book - Borrowing
Holdings
Withdrawn status Item status Source of classification or shelving scheme Damaged status Not for loan Vendor Home library Current library Shelving location Date acquired Source of acquisition Cost, normal purchase price Serial Enumeration / chronology Total Checkouts Full call number Barcode Date last seen Koha item type
    Dewey Decimal Classification     Alahram Central Library Central Library First floor 11/02/2009   78.00 6479   621.317 GUP 000014785 15/07/2025 Book - Borrowing